000 00696nam a22002417a 4500
001 48770
003 UA-OsUOA
005 20201129145558.0
007 ta
008 20070912b un ||||| |||| 00| 0 ukr d
040 _aUA-OsUOA
_bukr
_cUA-OsUOA
_dUA-OsUOA
041 _aukr
080 _a82.09
090 _a82.09
_bБ51
100 _aБернштейн М. Д.
245 _aФранко і Шевченко
_bмонографія
260 _aК.
_bДніпро
_c1984
300 _a265 с.
650 7 _a82 Література. Літературознавство
_2UDC
942 _cBK
_2udc
955 _a2
999 _c334876
_d334876